A Compilation of Reading Strategies / (Record no. 106071)
[ view plain ]
| 000 -LEADER | |
|---|---|
| fixed length control field | 00435nam a2200145 a 4500 |
| 005 - DATE AND TIME OF LATEST TRANSACTION | |
| control field | 20140412111422.0 |
| 008 - FIXED-LENGTH DATA ELEMENTS--GENERAL INFORMATION | |
| fixed length control field | 080121s19uu xx 00 eng d |
| 050 ## - LIBRARY OF CONGRESS CALL NUMBER | |
| Classification number | TR(GS 428.4 |
| Item number | L14 2008 |
| 100 ## - MAIN ENTRY--PERSONAL NAME | |
| Personal name | Lagera, Remy D. |
| 245 ## - TITLE STATEMENT | |
| Title | A Compilation of Reading Strategies / |
| Statement of responsibility, etc | Remy D. Lagera. |
| 260 ## - PUBLICATION, DISTRIBUTION, ETC. (IMPRINT) | |
| Date of publication, distribution, etc | 2008. |
| Place of publication, distribution, etc | Las pinas city : |
| Name of publisher, distributor, etc | Southville International School and Colleges, |
| 300 ## - PHYSICAL DESCRIPTION | |
| Extent | 74p. |
| 650 ## - SUBJECT ADDED ENTRY--TOPICAL TERM | |
| Topical term or geographic name as entry element | Reading |
| Withdrawn status | Lost status | Damaged status | Home library | Current library | Shelving location | Date acquired | Source of acquisition | Total Checkouts | Full call number | Barcode | Date last seen | Price effective from | Koha item type |
|---|---|---|---|---|---|---|---|---|---|---|---|---|---|
| Elizalde Library | Elizalde Library | Teachers Reference Section | 01/21/2008 | TR(GS 428.4 L14 2008 | E11171 | 04/12/2014 | 04/12/2014 | Books |